[Event "Medellin Cuartas Memorial B"]
[Site "Medellin"]
[Date "2011.08.05"]
[Round "3.25"]
[White "Andrade Truyol, Geiner Jose"]
[Black "Nazarit, Alexander"]
[Result "1-0"]
[WhiteElo "1749"]
[BlackElo "1600"]
[PlyCount "57"]
[EventDate "2011.08.03"]
[EventType "swiss"]
[EventRounds "8"]
[EventCountry "COL"]
[SourceTitle "EXT 2024"]
[Source "ChessBase"]
[SourceDate "2023.10.10"]
[SourceVersion "1"]
[SourceVersionDate "2023.10.10"]
[SourceQuality "1"]

1. e4 c5 2. Nf3 e6 3. d3 Nc6 4. Nbd2 Qc7 5. g3 Nf6 6. Bg2 Be7 7. 0-0 0-0 8. Re1 d5 9. e5 Nd7 10. Qe2 f6 11. exf6 Nxf6 12. Nf1 Bd7 13. Bf4 Bd6 14. Ne5 Bxe5 15. Bxe5 Qxe5 16. Qxe5 Nxe5 17. Rxe5 Ng4 18. Re2 Rf6 19. h3 Nh6 20. Ne3 Raf8 21. Rae1 b6 22. f4 g6 23. Kh2 Nf5 24. Ng4 R6f7 25. Ne5 Nd4 26. Nxf7 Nxe2 27. Ne5 Nxf4 28. Nxd7 Nxg2 29. Kxg2 1-0

[Event "Medellin Cuartas Memorial B"]
[Site "Medellin"]
[Date "2011.08.05"]
[Round "4.47"]
[White "Nazarit, Alexander"]
[Black "Gomez Viana, Duvan Leandro"]
[Result "1-0"]
[WhiteElo "1600"]
[BlackElo "1630"]
[PlyCount "39"]
[EventDate "2011.08.03"]
[EventType "swiss"]
[EventRounds "8"]
[EventCountry "COL"]
[SourceTitle "EXT 2024"]
[Source "ChessBase"]
[SourceDate "2023.10.10"]
[SourceVersion "1"]
[SourceVersionDate "2023.10.10"]
[SourceQuality "1"]

1. d4 d5 2. Bg5 Bf5 3. e3 Nd7 4. Nf3 Ngf6 5. c4 c6 6. Nc3 e6 7. a3 Be7 8. cxd5 cxd5 9. Bd3 Bxd3 10. Qxd3 a6 11. 0-0 0-0 12. Rac1 b5 13. Rc2 Nb6 14. Ne5 Rc8 15. f4 Nfd7 16. Bxe7 Nxe5 17. Bxd8 Nxd3 18. Bxb6 b4 19. axb4 Nxb4 20. Rd2 1-0